Profesores: un análisis de su identidad social
Salvato in:
| Autore principale: | |
|---|---|
| Natura: | Libro |
| Lingua: | spagnolo |
| Pubblicazione: |
Santiago
CIDE
1992
|
| Soggetti: | |
| Tags: |
Aggiungi Tag
Nessun Tag, puoi essere il primo ad aggiungerne!!
|
MARC
| LEADER | 00000nam a2200000 a 4500 | ||
|---|---|---|---|
| 001 | UCW7591 | ||
| 003 | CL-VaPUC | ||
| 008 | 930513e19920000CL |||||||||||||||||spa|d | ||
| 082 | 0 | 4 | |a 371.104 |b GYS |2 21 |
| 100 | |a Gysling C., Jacqueline |e author |9 572371 | ||
| 245 | 1 | 0 | |a Profesores: un análisis de su identidad social |
| 300 | |a 134 p | ||
| 942 | |c BK | ||
| 945 | |d 19930513 00:00:00 | ||
| 260 | |a Santiago |b CIDE |c 1992 | ||
| 650 | 7 | |a PROFESORES CONDICIONES SOCIALES |2 CL-VaPUC |9 312785 | |
| 650 | 0 | |a Sociología de la educación |9 260380 | |
| 651 | 7 | |a CHILE |2 CL-VaPUC |9 312786 | |
| 583 | |a last modification |c 19930513 00:00:00 |k Rodrigo Vera | ||
| 999 | |c 220301 |d 220299 | ||
| 952 | |0 0 |1 0 |4 0 |6 371_104000000000000_GYS_1992 |7 0 |8 P |9 212310 |a BIBEDU |b BIBEDU |c BIBEDU_PB |d 2019-11-15 |i 2805545 |o 371.104 GYS 1992 |p 2805545 |r 2024-01-25 |w 2019-11-15 |y BK |k EDU | ||
| 952 | |0 0 |1 0 |4 0 |6 371_104000000000000_GYS_1992 |7 0 |8 P |9 212311 |a BIBEDU |b BIBEDU |c BIBEDU_PB |d 2019-11-15 |i 2805553 |o 371.104 GYS 1992 |p 2805553 |r 2024-01-25 |w 2019-11-15 |y BK |k EDU | ||